| 000 -LEADER |
| fixed length control field |
00788nam a22001337a 4500 |
| 040 ## - CATALOGING SOURCE |
| Transcribing agency |
RUA |
| 082 ## - DEWEY DECIMAL CLASSIFICATION NUMBER |
| Classification number |
VEM VAT 2021 B1-530 Or. |
| 100 ## - MAIN ENTRY--AUTHOR NAME |
| Personal name |
VA THAWITH,វ៉ា ថាវីត |
| 245 ## - TITLE STATEMENT |
| Title |
ANTIBIOTIC USE AND ANGTIMICROBIAL RESISTANCE IN PIG PRODUCTION IN PREY VENG AND KAMPONG SPEU PROVINCE,ការប្រើប្រាស់ឱសថអង់ទីប៊ីយ៉ូទិក និងភាពស៊ាំនឹងឱសថប្រឆាំងមេរោគក្នុងផលិតកម្មជ្រូកនៅខេត្តព្រៃវែង និងកំពង់ស្ពឺ |
| 260 ## - PUBLICATION, DISTRIBUTION, ETC. (IMPRINT) |
| Place of publication |
phnom penh |
| Name of publisher |
rua |
| Year of publication |
2021 |
| 300 ## - PHYSICAL DESCRIPTION |
| Number of Pages |
x.76p. |
| Other physical details |
ill. |
| Dimensions |
29cm. |
| 856 ## - ELECTRONIC LOCATION AND ACCESS |
| Uniform Resource Identifier |
https://drive.google.com/file/d/1nzCPa25QssCpHXhtSVY4k9DdQBQrNgz7/view?usp=sharing |
| 942 ## - ADDED ENTRY ELEMENTS (KOHA) |
| Koha item type |
VEM |
| 952 ## - LOCATION AND ITEM INFORMATION (KOHA) |
| Withdrawn status [LOCAL, KOHA] |
0 |
| 952 ## - LOCATION AND ITEM INFORMATION (KOHA) |
| Withdrawn status [LOCAL, KOHA] |
0 |
| 952 ## - LOCATION AND ITEM INFORMATION (KOHA) |
| Withdrawn status [LOCAL, KOHA] |
0 |
| 952 ## - LOCATION AND ITEM INFORMATION (KOHA) |
| Withdrawn status [LOCAL, KOHA] |
0 |
| 952 ## - LOCATION AND ITEM INFORMATION (KOHA) |
| Withdrawn status [LOCAL, KOHA] |
0 |
| 952 ## - LOCATION AND ITEM INFORMATION (KOHA) |
| Withdrawn status [LOCAL, KOHA] |
0 |